Importance of risk in agricultural planning models (Record no. 688011)

MARC details
000 -LEADER
fixed length control field 00619nam a2200229Ia 4500
003 - CONTROL NUMBER IDENTIFIER
control field OSt
005 - DATE AND TIME OF LATEST TRANSACTION
control field 20220927104551.0
008 - FIXED-LENGTH DATA ELEMENTS--GENERAL INFORMATION
fixed length control field 220926b |||||||| |||| 00| 0 eng d
037 ## - SOURCE OF ACQUISITION
Terms of availability Reference Collections
040 ## - CATALOGING SOURCE
Original cataloging agency RTL
Transcribing agency RTL
Language of cataloging eng
041 ## - LANGUAGE CODE
Source of code eng
Language code of text/sound track or separate title eng
100 ## - MAIN ENTRY--PERSONAL NAME
Personal name Hazell P B P
9 (RLIN) 366483
245 #0 - TITLE STATEMENT
Title Importance of risk in agricultural planning models
260 ## - PUBLICATION, DISTRIBUTION, ETC.
Date of publication, distribution, etc. 1978
300 ## - PHYSICAL DESCRIPTION
Extent 34p
Dimensions cm.
942 ## - ADDED ENTRY ELEMENTS (KOHA)
Classification part "X9(J):75:B, L8/UN"
Koha item type

No items available.

Copyright @ Delhi University Library System